| 000 | 00649cam a2200241ua 4500 | ||
|---|---|---|---|
| 020 |
_a0 07 099285 1 _c150.00 |
||
| 041 |
_aeng _h |
||
| 082 |
_a637.1 _bECK/MI |
||
| 100 | _aEckles, Clarence Henry . | ||
| 245 |
_aMilk and milk products / _cClearence Henry Eckles. _hTextual Documents |
||
| 250 |
_a4 / _b. |
||
| 260 |
_aNew Delhi : _bTata Mc-Graw Hill Publishing Company , _c1995. |
||
| 300 | _a454 ; . | ||
| 365 | _a150.00 | ||
| 504 | _a | ||
| 700 | 1 | _aCombs, Willes Barner . | |
| 700 | 1 | _aMacy, Harold . | |
| 942 | _cBK | ||
| 999 |
_c10924 _d10924 |
||